书目信息 |
| 题名: |
白话后汉书
|
|
| 作者: | 范晔 撰 ;程新发 译 | |
| 分册: | 下 | |
| 出版信息: | 成都 天地出版社 2019.08 |
|
| 页数: | 597-1122页 | |
| 开本: | 26cm | |
| 丛书名: | ||
| 单 册: | ||
| 中图分类: | K234.204.2 | |
| 科图分类: | ||
| 主题词: | 东汉时代--历史--纪传体 | |
| 电子资源: | ||
| ISBN: | 978-7-5455-4942-3 | |
| 000 | 01234nam0 2200277 450 | |
| 001 | 0120203027387 | |
| 005 | 20201019092220.11 | |
| 010 | @a978-7-5455-4942-3@dCNY94.00,CNY188.00(全2册) | |
| 100 | @a20200803d2019 em y0chiy50 ea | |
| 101 | 0 | @achi |
| 102 | @aCN@b510000 | |
| 105 | @ay z 000yy | |
| 106 | @ar | |
| 200 | 1 | @a白话后汉书@9bai hua hou han shu@b专著@e通译本@h下@f(南朝宋)范晔撰@g程新发译 |
| 210 | @a成都@c天地出版社@d2019.08 | |
| 215 | @a597-1122页@d26cm | |
| 300 | @a文轩出品 | |
| 330 | @a本书是一部记载东汉历史的纪传体史书,与《史记》、《汉书》、《三国志》合称“四史”。书中分十纪、八十列传和八志(司马彪续作),记载了从王莽起至汉献帝的195年历史。《后汉书》九十卷,南朝宋范晔撰。是继《史记》、《汉书》之后,又一部私人撰写的重要史籍。这部书记载了整个东汉(自光武帝刘秀至献帝刘协)近二百年的历史。《后汉书》是一部记载东汉历史的纪传体史书。书中分十纪、八十列传和八志(司马彪续作),记载了从王莽起至汉献帝的195年历史。 | |
| 333 | @a历史研究人员 | |
| 605 | @a《后汉书》@x译文 | |
| 606 | 0 | @a东汉时代@x历史@j纪传体 |
| 690 | @aK234.204.2@v5 | |
| 701 | 0 | @c(南朝宋)@a范晔@9fan ye@f(398-445)@4撰 |
| 702 | 0 | @a程新发@9cheng xin fa@4译 |
| 801 | 0 | @aCN@b人天书店@c20200803 |
| 905 | @b1285698-99@dK234.204.2@e101:2@f2 | |
| 白话后汉书:通译本.下/(南朝宋)范晔撰/程新发译.-成都:天地出版社,2019.08 |
| 597-1122页;26cm |
| 文轩出品.-使用对象:历史研究人员 |
| ISBN 978-7-5455-4942-3:CNY94.00,CNY188.00(全2册) |
| 本书是一部记载东汉历史的纪传体史书,与《史记》、《汉书》、《三国志》合称“四史”。书中分十纪、八十列传和八志(司马彪续作),记载了从王莽起至汉献帝的195年历史。《后汉书》九十卷,南朝宋范晔撰。是继《史记》、《汉书》之后,又一部私人撰写的重要史籍。这部书记载了整个东汉(自光武帝刘秀至献帝刘协)近二百年的历史。《后汉书》是一部记载东汉历史的纪传体史书。书中分十纪、八十列传和八志(司马彪续作),记载了从王莽起至汉献帝的195年历史。 |
| ● |
| 相关链接 |
|
|
|
|
正题名:白话后汉书
索取号:K234.204.2/101:2
 
预约/预借
| 序号 | 登录号 | 条形码 | 馆藏地/架位号 | 状态 | 备注 |
| 1 | 1285698 | 212856989 | 第二样本阅览室/ [索取号:K234.204.2/101:2] | 在馆 | |
| 2 | 1285699 | 212856998 | 第二借阅区/ [索取号:K234.204.2/101:2] | 在馆 |